[Event "Pays de Loire-chT"]
[Site "Cholet"]
[Date "2009.??.??"]
[Round "1"]
[White "Aumont, Eric"]
[Black "Giorgi, Luciano"]
[Result "1-0"]
[WhiteElo "1750"]
[BlackElo "1410"]
[PlyCount "65"]
[EventDate "2009.06.??"]
[EventType "team-tourn"]
[EventRounds "6"]
[EventCountry "FRA"]
[SourceTitle "EXT 2010"]
[Source "ChessBase"]
[SourceDate "2010.11.25"]
[SourceVersion "1"]
[SourceVersionDate "2010.11.25"]
[SourceQuality "1"]

1. e4 d6 2. d4 Nf6 3. Bd3 g6 4. f4 Bg7 5. Nf3 c5 6. d5 Bg4 7. c4 0-0 8. 0-0 Na6 9. Nc3 Nb4 10. Be2 e6 11. h3 Bxf3 12. Bxf3 exd5 13. exd5 Re8 14. a3 Qa5 15. Bd2 Nd3 16. Qc2 Ne5 17. fxe5 Rxe5 18. Ne4 Qd8 19. Nxd6 Qe7 20. Nb5 a6 21. Nc3 b5 22. d6 Qxd6 23. Bxa8 Qd4+ 24. Kh1 Ng4 25. Bf4 Rh5 26. Bf3 Rh4 27. Bxg4 Be5 28. Qe4 Qxe4 29. Nxe4 Bxb2 30. Bg5 Rxg4 31. hxg4 Bxa1 32. Rxa1 bxc4 33. Rc1 1-0